| 000 | 00366cam a2200145ua 4500 | ||
|---|---|---|---|
| 041 |
_amal _h |
||
| 082 |
_a598 _bNEE/KE |
||
| 100 | _aNeelakandan, K K . | ||
| 245 |
_aKeralathile pakshikal / _cK K Neelakandan. _hTextual Documents |
||
| 260 |
_aThrissur : _bKerala Sahitya Academy , _c1973. |
||
| 300 | _a638 ; . | ||
| 504 | _a | ||
| 942 | _cBK | ||
| 999 |
_c5216 _d5216 |
||